000 00552nam a2200193Ia 4500
003 GCL
008 140319s9999 xx 000 0 ara d
040 _aGCL /
_cGCL
082 0 4 _a216
_bم ج
100 1 _aمحمد قطب
245 1 0 _aجاهلية القرن العشرين /
_cمحمد قطب
260 _a[S.N] :
_bدار الشروق ،
_c1992
300 _a293 ص
490 _a
650 0 4 _aالاسلام
650 0 4 _aالاسلام والمجتمع
650 0 4 _aالاسلام والاصلاح الاجتماعى
942 _2ddc
_cBK
999 _c54000
_d54000